[Event "Xtracon Skakligaen"]
[Site "Denmark"]
[Date "2016.10.29"]
[Round "1.8"]
[White "Holst, Per"]
[Black "Andersen, Ib Hother"]
[Result "1-0"]
[WhiteElo "2085"]
[BlackElo "2152"]
[PlyCount "97"]
[EventDate "2016.10.29"]
[EventType "team-tourn"]
[EventRounds "9"]
[EventCountry "DEN"]
[WhiteTeam "Nordre 1"]
[BlackTeam "Hillerod 1"]
[WhiteTeamCountry "DEN"]
[BlackTeamCountry "DEN"]

1. d4 Nf6 2. c4 e6 3. Nf3 Bb4+ 4. Bd2 Bxd2+ 5. Qxd2 O-O 6. Nc3 d5 7. e3 Qe7 8.
Be2 Rd8 9. O-O c5 10. cxd5 cxd4 11. Nxd4 Nxd5 12. Nxd5 Rxd5 13. Rac1 Nd7 14.
Bf3 Rc5 15. Rxc5 Nxc5 16. Rc1 e5 17. Qb4 exd4 18. Qxc5 Qxc5 19. Rxc5 dxe3 20.
fxe3 Rb8 21. Rc7 Kf8 22. Bd5 Be6 23. Bxe6 fxe6 24. b4 Rd8 25. a4 a5 26. b5 Rd1+
27. Kf2 Ra1 28. Rxb7 Rxa4 29. Ra7 Rb4 30. Rxa5 Kf7 31. Ra7+ Kf6 32. Rb7 h5 33.
b6 g6 34. Rb8 Ke5 35. Rg8 Rxb6 36. Rxg6 Kf5 37. Rg8 Rb4 38. Kf3 h4 39. Rf8+ Kg5
40. Rg8+ Kf5 41. h3 Ra4 42. Rf8+ Kg5 43. Re8 Kf5 44. Rh8 Kg5 45. Rf8 Rb4 46.
Rd8 e5 47. Rg8+ Kf5 48. e4+ Kf6 49. Rg4 1-0

[Event "Xtracon Skakligaen"]
[Site "Denmark"]
[Date "2016.10.29"]
[Round "1.1"]
[White "Grandelius, Nils"]
[Black "Danielsen, Henrik"]
[Result "1-0"]
[WhiteElo "2642"]
[BlackElo "2480"]
[PlyCount "73"]
[EventDate "2016.10.29"]
[EventType "team-tourn"]
[EventRounds "9"]
[EventCountry "DEN"]
[WhiteTeam "Philidor 1"]
[BlackTeam "Jetsmark 1"]
[WhiteTeamCountry "DEN"]
[BlackTeamCountry "DEN"]

1. d4 f5 2. Bg5 g6 3. Nc3 Bg7 4. h4 d5 5. e3 Be6 6. Bd3 Nd7 7. Qf3 Ngf6 8. Nge2
Bf7 9. Nf4 c6 10. h5 Rg8 11. hxg6 hxg6 12. O-O-O Qc7 13. Qg3 e5 14. dxe5 Qxe5
15. Bh4 Nc5 16. Nh3 Nfe4 17. Bxe4 fxe4 18. Nf4 a5 19. Qg4 Bh8 20. Bg3 Qf6 21.
Rh6 Bg7 22. Rh7 Ne6 23. Rdh1 Nxf4 24. Bxf4 Qe6 25. Qg3 b5 26. Ne2 c5 27. Bg5
Rc8 28. Bh6 Be5 29. Nf4 Qf6 30. Bg5 Bxb2+ 31. Kb1 Qe5 32. Qg4 Rc7 33. Rxf7 Kxf7
34. Rh7+ Rg7 35. Rxg7+ Kxg7 36. Ne6+ Kh7 37. Nxc7 1-0

[Event "Xtracon Skakligaen"]
[Site "Denmark"]
[Date "2016.10.29"]
[Round "1.2"]
[White "Rasmussen, Allan Stig"]
[Black "Glud, Jakob Vang"]
[Result "1-0"]
[WhiteElo "2513"]
[BlackElo "2517"]
[PlyCount "117"]
[EventDate "2016.10.29"]
[EventType "team-tourn"]
[EventRounds "9"]
[EventCountry "DEN"]
[WhiteTeam "Jetsmark 1"]
[BlackTeam "Philidor 1"]
[WhiteTeamCountry "DEN"]
[BlackTeamCountry "DEN"]

1. e4 e5 2. Nf3 Nc6 3. Bb5 a6 4. Ba4 Nf6 5. O-O Be7 6. Re1 b5 7. Bb3 d6 8. c3
O-O 9. h3 Nb8 10. d4 Nbd7 11. Nbd2 Bb7 12. Bc2 Re8 13. Nf1 Bf8 14. Ng3 g6 15.
b3 Bg7 16. d5 Nb6 17. Ba3 Nfd7 18. Bd3 Nc5 19. c4 Nxd3 20. Qxd3 bxc4 21. bxc4
c5 22. dxc6 Bxc6 23. Rab1 Nc8 24. Red1 Ba4 25. Rd2 Bh6 26. Rdb2 Bc6 27. Ne2 f5
28. Nc3 Qf6 29. Nd5 Qf7 30. Rb8 Rxb8 31. Rxb8 Bg7 32. Nd2 Rf8 33. Rb2 h5 34.
Nf3 Bh6 35. Rb8 Qa7 36. Rb1 Qf7 37. Rb8 Qa7 38. Rb1 Qf7 39. h4 Kh7 40. Bc1 fxe4
41. Qxe4 Ne7 42. Bxh6 Kxh6 43. Rb6 Bxd5 44. cxd5 Nf5 45. Rxa6 Qb7 46. Rc6 Rb8
47. g3 Qb2 48. Ng5 Rb7 49. Rc8 Kg7 50. Ne6+ Kh7 51. Ng5+ Kg7 52. Qc4 Nd4 53.
Rc7+ Kg8 54. Rxb7 Qxb7 55. a4 Kg7 56. a5 Kh6 57. Kg2 Nf5 58. a6 Qb2 59. Qc7 1-0

[Event "Xtracon Skakligaen"]
[Site "Denmark"]
[Date "2016.10.29"]
[Round "1.3"]
[White "Ziska, Helgi"]
[Black "Thybo, Jesper Sondergaard"]
[Result "1-0"]
[WhiteElo "2548"]
[BlackElo "2358"]
[PlyCount "95"]
[EventDate "2016.10.29"]
[EventType "team-tourn"]
[EventRounds "9"]
[EventCountry "DEN"]
[WhiteTeam "Philidor 1"]
[BlackTeam "Jetsmark 1"]
[WhiteTeamCountry "DEN"]
[BlackTeamCountry "DEN"]

1. e4 e5 2. Nf3 Nc6 3. Bc4 Bc5 4. O-O Nf6 5. d3 d6 6. c3 O-O 7. Bb3 a6 8. h3
Ba7 9. Be3 Ne7 10. Nh4 c6 11. Nd2 d5 12. Bxa7 Rxa7 13. Qf3 Ra8 14. Qg3 dxe4 15.
Nxe4 Nxe4 16. dxe4 Qc7 17. f4 exf4 18. Rxf4 Be6 19. Bxe6 Qb6+ 20. Kh2 fxe6 21.
Rxf8+ Rxf8 22. Qd6 Qd8 23. Rd1 Qxd6+ 24. Rxd6 Nc8 25. Rxe6 Kf7 26. Re5 Nd6 27.
b3 Kf6 28. Nf3 g6 29. g4 h6 30. h4 Rd8 31. a4 Rd7 32. Kg3 Nf7 33. g5+ hxg5 34.
hxg5+ Kg7 35. Re8 Rd3 36. Kf4 Rxc3 37. Re7 Kf8 38. Rxb7 c5 39. Ne5 Nxe5 40.
Kxe5 c4 41. Kd4 Rg3 42. bxc4 Rxg5 43. c5 Ke8 44. c6 Kd8 45. e5 Rg4+ 46. Kd5
Rxa4 47. e6 Ra1 48. Rd7+ 1-0

[Event "Xtracon Skakligaen"]
[Site "Denmark"]
[Date "2016.10.29"]
[Round "1.4"]
[White "Jensen, Bjarke"]
[Black "Bekker Jensen, Simon"]
[Result "1/2-1/2"]
[WhiteElo "2320"]
[BlackElo "2466"]
[PlyCount "87"]
[EventDate "2016.10.29"]
[EventType "team-tourn"]
[EventRounds "9"]
[EventCountry "DEN"]
[WhiteTeam "Jetsmark 1"]
[BlackTeam "Philidor 1"]
[WhiteTeamCountry "DEN"]
[BlackTeamCountry "DEN"]

1. e4 c5 2. Nf3 d6 3. Bc4 Nf6 4. d3 Nc6 5. O-O a6 6. a3 Bg4 7. h3 Bxf3 8. Qxf3
Ne5 9. Qe2 Nxc4 10. dxc4 g6 11. Nc3 Bg7 12. Bg5 h6 13. Be3 O-O 14. Rad1 Qb6 15.
f4 Qc6 16. e5 Ne4 17. Nd5 Rae8 18. Qf3 f5 19. exf6 Nxf6 20. Bc1 Qd7 21. Rfe1
Rf7 22. Rd3 b5 23. Nxf6+ Bxf6 24. cxb5 axb5 25. c3 h5 26. Qe4 Kh7 27. Rd5 h4
28. f5 Rg8 29. Qg4 Kh8 30. Re6 gxf5 31. Qh5+ Rh7 32. Qxf5 Rhg7 33. Qh5+ Rh7 34.
Qf5 Qd8 35. Bf4 Rf8 36. Kh1 Bxc3 37. Qg4 Bf6 38. Bxd6 exd6 39. Rdxd6 Qa5 40.
Rxf6 Qe1+ 41. Kh2 Qe5+ 42. Kg1 Qe1+ 43. Kh2 Qe5+ 44. Kg1 1/2-1/2

[Event "Xtracon Skakligaen"]
[Site "Denmark"]
[Date "2016.10.29"]
[Round "1.5"]
[White "Mikkelsen, Nikolaj"]
[Black "Wiwe, Andreas"]
[Result "1-0"]
[WhiteElo "2463"]
[BlackElo "2288"]
[PlyCount "86"]
[EventDate "2016.10.29"]
[EventType "team-tourn"]
[EventRounds "9"]
[EventCountry "DEN"]
[WhiteTeam "Philidor 1"]
[BlackTeam "Jetsmark 1"]
[WhiteTeamCountry "DEN"]
[BlackTeamCountry "DEN"]

1. e4 c5 2. Nf3 d6 3. Bb5+ Bd7 4. Bxd7+ Qxd7 5. c4 Nf6 6. Nc3 Nc6 7. d4 cxd4 8.
Nxd4 g6 9. f3 Bg7 10. Be3 O-O 11. O-O a6 12. Qd3 Rab8 13. Rfd1 Rfc8 14. b3 b5
15. cxb5 Ne5 16. Qd2 axb5 17. Rac1 b4 18. Nd5 Nxd5 19. exd5 Qb7 20. f4 Rxc1 21.
Rxc1 Ng4 22. Nc6 Bc3 23. Qe2 Nxe3 24. Qxe3 Re8 25. a4 e6 26. Rc2 Ra8 27. Qd3
exd5 28. Qb5 Qd7 29. Re2 Re8 30. Rxe8+ Qxe8 31. Qb8 Kf8 32. a5 Qxb8 33. Nxb8
Ke8 34. a6 Kd8 35. a7 Bd4+ 36. Kf1 Bxa7 37. Nc6+ Kc7 38. Nxa7 Kb6 39. Nc8+ Kc5
40. Ke2 Kd4 41. Kd2 f6 42. Nxd6 g5 43. fxg5 fxg5 1-0

[Event "Xtracon Skakligaen"]
[Site "Denmark"]
[Date "2016.10.29"]
[Round "1.7"]
[White "Brorsen, Jacob Abildlund"]
[Black "Wilbrandt, Simon Pil"]
[Result "1/2-1/2"]
[WhiteElo "2144"]
[BlackElo "2171"]
[PlyCount "53"]
[EventDate "2016.10.29"]
[EventType "team-tourn"]
[EventRounds "9"]
[EventCountry "DEN"]
[WhiteTeam "Philidor 1"]
[BlackTeam "Jetsmark 1"]
[WhiteTeamCountry "DEN"]
[BlackTeamCountry "DEN"]

1. d4 Nf6 2. c4 g6 3. Nc3 d5 4. Nf3 Bg7 5. cxd5 Nxd5 6. e4 Nxc3 7. bxc3 c5 8.
Be3 Qa5 9. Qd2 O-O 10. Rc1 cxd4 11. cxd4 Qxd2+ 12. Kxd2 Nc6 13. Bc4 Rd8 14. d5
e6 15. Ke2 exd5 16. exd5 Na5 17. Rhd1 Bd7 18. Bb3 Bb5+ 19. Ke1 Nxb3 20. axb3
Rd7 21. Rc5 Ba6 22. d6 Rad8 23. Ne5 Bxe5 24. Rxe5 Rxd6 25. Rxd6 Rxd6 26. Bxa7
Re6 27. Bd4 1/2-1/2

[Event "Xtracon Skakligaen"]
[Site "Denmark"]
[Date "2016.10.29"]
[Round "1.8"]
[White "Christensen, Stefan"]
[Black "Frank Nielsen, Marie"]
[Result "1-0"]
[WhiteElo "2269"]
[BlackElo "1973"]
[PlyCount "89"]
[EventDate "2016.10.29"]
[EventType "team-tourn"]
[EventRounds "9"]
[EventCountry "DEN"]
[WhiteTeam "Jetsmark 1"]
[BlackTeam "Philidor 1"]
[WhiteTeamCountry "DEN"]
[BlackTeamCountry "DEN"]

1. e4 c5 2. Nf3 e6 3. c3 d5 4. e5 Nc6 5. d4 c4 6. g3 b5 7. a3 Nge7 8. h4 h6 9.
h5 Bd7 10. Nh4 Nf5 11. Bg2 Nxh4 12. Rxh4 Qe7 13. Nd2 O-O-O 14. b4 Nb8 15. Nf1
Bc6 16. Ne3 f5 17. Bf3 Qf7 18. Ng2 Be7 19. Rh1 Bg5 20. Bf4 Nd7 21. Qd2 Qe7 22.
Kd1 Nb6 23. Kc2 Na4 24. Be2 Be8 25. Be3 Bxe3 26. Qxe3 g5 27. hxg6 Bxg6 28. Nf4
Bf7 29. Rh4 Rh7 30. Rah1 Rdh8 31. Bh5 a5 32. Ng6 Bxg6 33. Bxg6 Rg7 34. Rxh6
Rxh6 35. Qxh6 axb4 36. axb4 Rg8 37. Bxf5 Re8 38. Bg4 Nb6 39. Qg6 Qf8 40. Bxe6+
Kb7 41. Rh7+ Ka6 42. Rf7 Qh8 43. Bxd5 Rb8 44. Be4 Qh2 45. Qg7 1-0

[Event "Xtracon Skakligaen"]
[Site "Denmark"]
[Date "2016.10.30"]
[Round "2.1"]
[White "Sorensen, Jan"]
[Black "Hillarp Persson, Tiger"]
[Result "1/2-1/2"]
[WhiteElo "2423"]
[BlackElo "2513"]
[PlyCount "94"]
[EventDate "2016.10.29"]
[EventType "team-tourn"]
[EventRounds "9"]
[EventCountry "DEN"]
[WhiteTeam "Aarhus/Skolerne 1"]
[BlackTeam "Bronshoj 1"]
[WhiteTeamCountry "DEN"]
[BlackTeamCountry "DEN"]

1. d4 Nf6 2. Bg5 d5 3. e3 Ne4 4. Bf4 g5 5. Be5 Rg8 6. Bd3 Nd7 7. Bg3 c5 8. Bxe4
dxe4 9. Nc3 cxd4 10. Qxd4 Bg7 11. Qxe4 Bxc3+ 12. bxc3 Nf6 13. Qb4 Qd5 14. f3 a5
15. Qd4 Be6 16. Ne2 Qc6 17. Qe5 Nd7 18. Qc7 Qxc7 19. Bxc7 g4 20. Kf2 Bc4 21.
Nd4 Ra6 22. Nf5 Rc6 23. Bxa5 Rc5 24. Nxe7 Kxe7 25. Bb4 Ke6 26. Bxc5 Nxc5 27.
Rhd1 gxf3 28. gxf3 Bd5 29. Rd4 Bc6 30. Rh4 Rd8 31. Re1 Ra8 32. Ra1 Ra3 33. Ke2
Rxc3 34. Kd2 Ra3 35. Rh6+ f6 36. Rf1 Nd7 37. e4 Ne5 38. c3 Bb5 39. Rb1 Rxa2+
40. Ke3 Re2+ 41. Kf4 Rf2 42. Rh3 Bc6 43. Ke3 Rc2 44. Rb3 Rc1 45. Ke2 Rc2+ 46.
Ke3 Rc1 47. Ke2 Rc2+ 1/2-1/2

[Event "Xtracon Skakligaen"]
[Site "Denmark"]
[Date "2016.10.30"]
[Round "2.2"]
[White "Carstensen, Jacob"]
[Black "Skytte, Rasmus"]
[Result "1/2-1/2"]
[WhiteElo "2380"]
[BlackElo "2398"]
[PlyCount "29"]
[EventDate "2016.10.29"]
[EventType "team-tourn"]
[EventRounds "9"]
[EventCountry "DEN"]
[WhiteTeam "Bronshoj 1"]
[BlackTeam "Aarhus/Skolerne 1"]
[WhiteTeamCountry "DEN"]
[BlackTeamCountry "DEN"]

1. d4 d5 2. c4 dxc4 3. Nf3 a6 4. e3 b5 5. a4 Bb7 6. b3 e6 7. bxc4 bxc4 8. Bxc4
Nf6 9. O-O c5 10. Nbd2 Nbd7 11. Rb1 Rb8 12. Qe2 Be7 13. Ba3 cxd4 14. Bxe7 Qxe7
15. Nxd4 1/2-1/2

[Event "Xtracon Skakligaen"]
[Site "Denmark"]
[Date "2016.10.30"]
[Round "2.3"]
[White "Rasmussen, Karsten"]
[Black "Aabling Thomsen, Jakob"]
[Result "1/2-1/2"]
[WhiteElo "2447"]
[BlackElo "2380"]
[PlyCount "158"]
[EventDate "2016.10.29"]
[EventType "team-tourn"]
[EventRounds "9"]
[EventCountry "DEN"]
[WhiteTeam "Aarhus/Skolerne 1"]
[BlackTeam "Bronshoj 1"]
[WhiteTeamCountry "DEN"]
[BlackTeamCountry "DEN"]

1. d4 c5 2. d5 e5 3. e4 d6 4. Nc3 g6 5. f4 exf4 6. Bxf4 a6 7. e5 Bh6 8. Qf3 Qe7
9. Ne4 dxe5 10. d6 Qe6 11. d7+ Nxd7 12. Bc4 Qe7 13. Bxf7+ Kxf7 14. Bxh6+ Ndf6
15. Qb3+ Ke8 16. Bg5 Bf5 17. Nxf6+ Nxf6 18. O-O-O c4 19. Qb6 Nd7 20. Bxe7 Nxb6
21. Bf6 Rf8 22. Bxe5 Be4 23. Nf3 Bxf3 24. gxf3 Rf7 25. Bd6 Rd7 26. Bc5 Rxd1+
27. Rxd1 Nd7 28. Re1+ Kd8 29. Bf2 Rc8 30. Bh4+ Kc7 31. Re7 Rf8 32. Rxh7 Rxf3
33. Rg7 c3 34. bxc3 Rxc3 35. Rxg6 Nc5 36. Bg3+ Kd7 37. Rd6+ Ke8 38. Rb6 Rf3 39.
Rb4 b5 40. Rf4 Rc3 41. Kb2 Re3 42. Bf2 Re5 43. h4 Ne6 44. Rf3 Rh5 45. Ra3 Nc7
46. Bg3 Kd7 47. Rf3 Ne6 48. Rf7+ Kc6 49. Ra7 Nc5 50. Rg7 Ne6 51. Re7 Kd5 52.
Rd7+ Kc4 53. Re7 Rh6 54. Bf2 Kd5 55. Rd7+ Kc6 56. Ra7 Nc5 57. Rf7 Ne4 58. Be1
Nd6 59. Ra7 Kd5 60. Kb3 Re6 61. Bd2 Ne4 62. Bf4 Nc5+ 63. Kc3 b4+ 64. Kb2 Na4+
65. Kc1 Rf6 66. Bg5 Rf1+ 67. Kd2 Rf2+ 68. Ke3 Rxc2 69. Rxa6 Rxa2 70. Ra8 b3 71.
Bf6 Ke6 72. Bd4 b2 73. Bxb2 Rxb2 74. Rxa4 Rb3+ 75. Kf2 Kf5 76. Ra5+ Kg6 77. Re5
Rh3 78. h5+ Rxh5 79. Rxh5 Kxh5 1/2-1/2

[Event "Xtracon Skakligaen"]
[Site "Denmark"]
[Date "2016.10.30"]
[Round "2.4"]
[White "Hoi, Carsten"]
[Black "Christensen, Tobias Bent"]
[Result "0-1"]
[WhiteElo "2382"]
[BlackElo "2343"]
[PlyCount "156"]
[EventDate "2016.10.29"]
[EventType "team-tourn"]
[EventRounds "9"]
[EventCountry "DEN"]
[WhiteTeam "Bronshoj 1"]
[BlackTeam "Aarhus/Skolerne 1"]
[WhiteTeamCountry "DEN"]
[BlackTeamCountry "DEN"]

1. d4 d5 2. c4 c6 3. Nf3 Nf6 4. Nc3 dxc4 5. a4 Bf5 6. e3 e6 7. Bxc4 Bb4 8. O-O
Nbd7 9. Qe2 Bg6 10. Rd1 Qe7 11. a5 O-O 12. a6 b6 13. Bd3 Bxd3 14. Qxd3 e5 15.
Ne4 exd4 16. Nxf6+ Nxf6 17. exd4 Rfe8 18. Bg5 Qe2 19. Qb3 Nd5 20. Ne5 Rac8 21.
Be3 Bd6 22. Re1 Qh5 23. Nf3 Re6 24. Bd2 Rg6 25. g3 Qh3 26. Ne5 Bxe5 27. dxe5
Re6 28. Rac1 h5 29. Qf3 Qg4 30. Kg2 Qxf3+ 31. Kxf3 Rce8 32. Rc4 f6 33. Rec1 c5
34. b4 cxb4 35. Rd4 Rxe5 36. Bf4 Nxf4 37. gxf4 Rc5 38. Rcd1 Rc3+ 39. Kg2 Re7
40. Rxb4 Ra3 41. Rb5 g6 42. f5 Kg7 43. h4 Rxa6 44. Kg3 Ra3+ 45. f3 Ree3 46.
Rd7+ Kh6 47. Kg2 Rxf3 48. Rxa7 Rxf5 49. Rxf5 Rxa7 50. Rxf6 Rb7 51. Rf4 Kg7 52.
Rb4 b5 53. Kg3 Kf6 54. Kf4 Rb6 55. Ke4 Ra6 56. Rxb5 Ra4+ 57. Kf3 Rxh4 58. Kg3
Re4 59. Rb8 Kf5 60. Rb5+ Re5 61. Rb8 Re3+ 62. Kf2 Ra3 63. Rb5+ Kg4 64. Rb4+ Kg5
65. Rb5+ Kh6 66. Rb4 Ra6 67. Rb5 g5 68. Rb8 g4 69. Rb5 Ra3 70. Kg2 Kg6 71. Rc5
Rf3 72. Rc6+ Kg5 73. Rc5+ Rf5 74. Rc8 Ra5 75. Kg1 Ra1+ 76. Kg2 Ra2+ 77. Kg1 Kh4
78. Rc5 g3 0-1

[Event "Xtracon Skakligaen"]
[Site "Denmark"]
[Date "2016.10.30"]
[Round "2.5"]
[White "Ochsner, Thomas"]
[Black "Pilgaard, Kim"]
[Result "0-1"]
[WhiteElo "2309"]
[BlackElo "2384"]
[PlyCount "76"]
[EventDate "2016.10.29"]
[EventType "team-tourn"]
[EventRounds "9"]
[EventCountry "DEN"]
[WhiteTeam "Aarhus/Skolerne 1"]
[BlackTeam "Bronshoj 1"]
[WhiteTeamCountry "DEN"]
[BlackTeamCountry "DEN"]

1. e4 e5 2. Nf3 Nc6 3. Bc4 Bc5 4. c3 Nf6 5. d3 O-O 6. b4 Bb6 7. a4 a6 8. O-O d5
9. exd5 Nxd5 10. Qb3 Nf6 11. Re1 Bf5 12. Bg5 Bxd3 13. Na3 Bg6 14. Rad1 Qc8 15.
Bd5 Nxd5 16. Qxd5 Kh8 17. Nc4 f6 18. Nxb6 cxb6 19. Be3 Rd8 20. Qc4 Bc2 21.
Rxd8+ Nxd8 22. Qd5 Bxa4 23. Bxb6 Ne6 24. Be3 Bc6 25. Qd6 Qe8 26. Qd1 Rd8 27.
Qe2 Qg6 28. Nh4 Qe4 29. Nf3 Bb5 30. Qa2 Qc6 31. Nd2 Bd3 32. Rc1 f5 33. f3 Re8
34. Qa5 Nd4 35. Bxd4 exd4 36. Qc5 Qxc5 37. bxc5 dxc3 38. Rxc3 Re1+ 0-1

[Event "Xtracon Skakligaen"]
[Site "Denmark"]
[Date "2016.10.30"]
[Round "2.6"]
[White "Palm, Nikolaj"]
[Black "Rendboe, John Filip"]
[Result "1/2-1/2"]
[WhiteElo "2321"]
[BlackElo "2160"]
[PlyCount "65"]
[EventDate "2016.10.29"]
[EventType "team-tourn"]
[EventRounds "9"]
[EventCountry "DEN"]
[WhiteTeam "Bronshoj 1"]
[BlackTeam "Aarhus/Skolerne 1"]
[WhiteTeamCountry "DEN"]
[BlackTeamCountry "DEN"]

1. d4 d5 2. Nf3 Nf6 3. c4 e6 4. Nc3 Be7 5. Bf4 O-O 6. e3 b6 7. Rc1 c5 8. cxd5
Nxd5 9. Nxd5 exd5 10. Bd3 c4 11. Bb1 Bb4+ 12. Kf1 Nc6 13. h3 Bd6 14. g3 Bxf4
15. gxf4 Qf6 16. Ne5 Ne7 17. Qh5 g6 18. Qf3 b5 19. h4 h5 20. Rg1 Qxh4 21. Ke2
Kg7 22. Rg3 Rh8 23. f5 Qf6 24. fxg6 Qxf3+ 25. Kxf3 fxg6 26. Rcg1 Bg4+ 27. Nxg4
hxg4+ 28. Rxg4 Raf8+ 29. Ke2 Rh2 30. R4g2 Rxg2 31. Rxg2 Kf6 32. Rh2 a5 33. f3
1/2-1/2

[Event "Xtracon Skakligaen"]
[Site "Denmark"]
[Date "2016.10.30"]
[Round "2.7"]
[White "Hagen, Kresten Skytte"]
[Black "Greger, Roland Reinhard"]
[Result "0-1"]
[WhiteElo "2158"]
[BlackElo "2307"]
[PlyCount "76"]
[EventDate "2016.10.29"]
[EventType "team-tourn"]
[EventRounds "9"]
[EventCountry "DEN"]
[WhiteTeam "Aarhus/Skolerne 1"]
[BlackTeam "Bronshoj 1"]
[WhiteTeamCountry "DEN"]
[BlackTeamCountry "DEN"]

1. Nf3 e6 2. c4 Nf6 3. Nc3 d5 4. d4 Be7 5. Bg5 O-O 6. e3 Nbd7 7. Rc1 c6 8. h3
Ne4 9. Bxe7 Qxe7 10. Bd3 f5 11. O-O b6 12. Ne5 Nxe5 13. dxe5 Bb7 14. f4 Rad8
15. cxd5 exd5 16. Qc2 g6 17. Kh2 c5 18. Rfd1 Kg7 19. Nb5 a6 20. Bxe4 axb5 21.
Bf3 b4 22. g4 fxg4 23. hxg4 d4 24. Bxb7 Qxb7 25. exd4 Rxf4 26. Rf1 Rdxd4 27.
Rxf4 Rxf4 28. Re1 Qf3 29. Qg2 Qxg2+ 30. Kxg2 Rxg4+ 31. Kf3 Rd4 32. e6 Kf8 33.
e7+ Ke8 34. Re2 Rd7 35. Re6 Rxe7 36. Rxb6 Kf7 37. a4 bxa3 38. bxa3 Ra7 0-1

[Event "Xtracon Skakligaen"]
[Site "Denmark"]
[Date "2016.10.30"]
[Round "2.8"]
[White "Skousen, Nikolai"]
[Black "Jensen, Vagn"]
[Result "1-0"]
[WhiteElo "2275"]
[BlackElo "2183"]
[PlyCount "81"]
[EventDate "2016.10.29"]
[EventType "team-tourn"]
[EventRounds "9"]
[EventCountry "DEN"]
[WhiteTeam "Bronshoj 1"]
[BlackTeam "Aarhus/Skolerne 1"]
[WhiteTeamCountry "DEN"]
[BlackTeamCountry "DEN"]

1. Nf3 f5 2. c4 Nf6 3. Nc3 d6 4. d4 g6 5. e3 Bg7 6. b3 O-O 7. Bb2 c6 8. Qc2 Qc7
9. Be2 Na6 10. Rd1 Bd7 11. O-O Rfe8 12. a3 e5 13. dxe5 dxe5 14. b4 e4 15. Nd4
Rad8 16. c5 Nb8 17. Rd2 f4 18. exf4 Qxf4 19. Nd1 Bg4 20. Ne3 Bxe2 21. Nxe2 Qc7
22. Rxd8 Qxd8 23. Rd1 Qe7 24. Nc4 Nbd7 25. Ng3 Rf8 26. Re1 Qe6 27. Nxe4 Nxe4
28. Rxe4 Qd5 29. Bxg7 Kxg7 30. Nd6 Nf6 31. Re7+ Kg8 32. h3 b6 33. Rxa7 bxc5 34.
Qxc5 Qd1+ 35. Kh2 Qd2 36. Qxc6 Nd5 37. Ne4 Qf4+ 38. Ng3 Nf6 39. Qe6+ Kh8 40.
Qe7 Qh6 41. Kg1 1-0

[Event "Xtracon Skakligaen"]
[Site "Denmark"]
[Date "2016.10.30"]
[Round "2.1"]
[White "Andreasen, Henrik"]
[Black "Berg, Klaus"]
[Result "1/2-1/2"]
[WhiteElo "2215"]
[BlackElo "2358"]
[PlyCount "86"]
[EventDate "2016.10.29"]
[EventType "team-tourn"]
[EventRounds "9"]
[EventCountry "DEN"]
[WhiteTeam "K41 1"]
[BlackTeam "SK 68 1"]
[WhiteTeamCountry "DEN"]
[BlackTeamCountry "DEN"]

1. d4 Nf6 2. c4 g6 3. Nc3 Bg7 4. e4 d6 5. f3 O-O 6. Be3 c5 7. Nge2 Nc6 8. d5
Ne5 9. Ng3 e6 10. Be2 exd5 11. cxd5 a6 12. a4 h5 13. O-O Nh7 14. Qd2 h4 15. Nh1
Re8 16. Nf2 f5 17. exf5 Bxf5 18. Nce4 Qe7 19. Rac1 Rac8 20. b4 c4 21. Bd4 b5
22. axb5 axb5 23. Nc3 Qd7 24. Ra1 Ra8 25. Kh1 Nd3 26. Rxa8 Nxf2+ 27. Rxf2 Rxa8
28. Bxg7 Kxg7 29. Qd4+ Nf6 30. g4 hxg3 31. hxg3 Rh8+ 32. Kg1 Bd3 33. g4 Rh4 34.
Bxd3 cxd3 35. Ra2 Qe8 36. Ne4 Rxg4+ 37. fxg4 Qxe4 38. Ra7+ Kh6 39. Qxf6 Qxg4+
40. Kf1 Qe2+ 41. Kg1 Qg4+ 42. Kh2 Qe2+ 43. Kg1 Qg4+ 1/2-1/2

[Event "Xtracon Skakligaen"]
[Site "Denmark"]
[Date "2016.10.30"]
[Round "2.2"]
[White "Matthiesen, Martin"]
[Black "Schmidt, Kristen"]
[Result "1/2-1/2"]
[WhiteElo "2317"]
[BlackElo "2215"]
[PlyCount "81"]
[EventDate "2016.10.29"]
[EventType "team-tourn"]
[EventRounds "9"]
[EventCountry "DEN"]
[WhiteTeam "SK 68 1"]
[BlackTeam "K41 1"]
[WhiteTeamCountry "DEN"]
[BlackTeamCountry "DEN"]

1. d4 Nf6 2. c4 g6 3. Nc3 Bg7 4. e4 d6 5. Nf3 O-O 6. Be2 e5 7. O-O Nbd7 8. Be3
Ng4 9. Bg5 f6 10. Bc1 Nh6 11. Qc2 Nf7 12. Rd1 c6 13. Be3 Qe7 14. c5 dxc5 15. d5
Nd8 16. dxc6 bxc6 17. Na4 Re8 18. Nxc5 Nxc5 19. Bxc5 Qb7 20. Nd2 Ne6 21. Nc4
Bf8 22. Na5 Qc7 23. Bxf8 Kxf8 24. Nb3 Bd7 25. Rac1 Rad8 26. Bc4 Bc8 27. h3
Rxd1+ 28. Qxd1 Rd8 29. Qf3 Kg7 30. Bxe6 Bxe6 31. Nc5 Bc8 32. Qc3 Qd6 33. Nb3
Be6 34. Qxc6 Qxc6 35. Rxc6 Bxb3 36. axb3 Rd1+ 37. Kh2 Rd2 38. Rc7+ Kg8 39. Rxa7
Rxb2 40. Rb7 Rxf2 41. Rb8+ 1/2-1/2

[Event "Xtracon Skakligaen"]
[Site "Denmark"]
[Date "2016.10.30"]
[Round "2.3"]
[White "Larsen, Peter"]
[Black "Hansen, Lars"]
[Result "1-0"]
[WhiteElo "2251"]
[BlackElo "2270"]
[PlyCount "75"]
[EventDate "2016.10.29"]
[EventType "team-tourn"]
[EventRounds "9"]
[EventCountry "DEN"]
[WhiteTeam "K41 1"]
[BlackTeam "SK 68 1"]
[WhiteTeamCountry "DEN"]
[BlackTeamCountry "DEN"]

1. e4 e6 2. d4 d5 3. Nc3 Nf6 4. e5 Nfd7 5. f4 c5 6. Nf3 Nc6 7. Be3 Qb6 8. Na4
Qa5+ 9. c3 cxd4 10. b4 Nxb4 11. cxb4 Bxb4+ 12. Bd2 Bxd2+ 13. Nxd2 O-O 14. Bd3
b5 15. Nb2 Nb6 16. O-O Nc4 17. Nbxc4 bxc4 18. Bxh7+ Kxh7 19. Qh5+ Kg8 20. Nf3
f6 21. Ng5 fxg5 22. fxg5 Rf5 23. Qe8+ Kh7 24. g4 Qd2 25. Qh5+ Kg8 26. Qe8+ Kh7
27. g6+ Kh6 28. Qh8+ Kxg6 29. Rxf5 Qe3+ 30. Rf2 Qh6 31. Qg8 Qe3 32. Raf1 Rb8
33. Qh8 Qxe5 34. Re2 Qg5 35. h4 Qh6 36. Qe8+ Kh7 37. Rf8 Rb1+ 38. Kg2 1-0

[Event "Xtracon Skakligaen"]
[Site "Denmark"]
[Date "2016.10.30"]
[Round "2.4"]
[White "Lindfeldt, Magnus"]
[Black "Clausen, Steen"]
[Result "1/2-1/2"]
[WhiteElo "2266"]
[BlackElo "2188"]
[PlyCount "76"]
[EventDate "2016.10.29"]
[EventType "team-tourn"]
[EventRounds "9"]
[EventCountry "DEN"]
[WhiteTeam "SK 68 1"]
[BlackTeam "K41 1"]
[WhiteTeamCountry "DEN"]
[BlackTeamCountry "DEN"]

1. e4 d6 2. d4 Nf6 3. Nc3 g6 4. f4 Bg7 5. Nf3 O-O 6. Be3 c6 7. Bd3 b5 8. Qd2 a6
9. h3 Nbd7 10. e5 Nd5 11. Nxd5 cxd5 12. g4 dxe5 13. dxe5 Qc7 14. Qf2 Bb7 15.
Bd4 Rac8 16. b4 f6 17. e6 Ne5 18. f5 Nxd3+ 19. cxd3 gxf5 20. Rg1 Kh8 21. Nh4
Bh6 22. Nxf5 Bf4 23. Kf1 Be5 24. Re1 Bxd4 25. Qxd4 Qh2 26. Qe3 Rc2 27. d4 Rfc8
28. Qg3 R8c3 29. Ne3 Qd2 30. Rg2 Qd3+ 31. Rge2 Rxe2 32. Rxe2 Rc1+ 33. Kf2 Qxd4
34. Qb8+ Bc8 35. Kg3 Rc3 36. Kh4 Rxe3 37. Qxc8+ Kg7 38. Qe8 Rxe2 1/2-1/2

[Event "Xtracon Skakligaen"]
[Site "Denmark"]
[Date "2016.10.30"]
[Round "2.5"]
[White "Christensen, Bo Garner"]
[Black "Bank, Pelle Rodkjaer"]
[Result "0-1"]
[WhiteElo "2137"]
[BlackElo "2256"]
[PlyCount "134"]
[EventDate "2016.10.29"]
[EventType "team-tourn"]
[EventRounds "9"]
[EventCountry "DEN"]
[WhiteTeam "K41 1"]
[BlackTeam "SK 68 1"]
[WhiteTeamCountry "DEN"]
[BlackTeamCountry "DEN"]

1. e4 e6 2. Nf3 d5 3. e5 c5 4. b4 d4 5. bxc5 Bxc5 6. Bd3 Nc6 7. O-O f5 8. exf6
Nxf6 9. Re1 O-O 10. Ng5 e5 11. Bc4+ Kh8 12. d3 Qe7 13. Nd2 Bb4 14. Rb1 h6 15.
Rxb4 Qxb4 16. Nf7+ Kh7 17. Ne4 Bg4 18. f3 Nxe4 19. fxg4 Nc3 20. Qf3 Qe7 21. g5
g6 22. gxh6 e4 23. Qf4 Rxf7 24. Qxf7+ Qxf7 25. Bxf7 Ne5 26. Bb3 e3 27. Bxe3
dxe3 28. Rxe3 Nc6 29. g4 Kxh6 30. h4 a5 31. a4 Nd4 32. Kg2 Nxb3 33. cxb3 Nd5
34. Re4 Rd8 35. Kf3 Kg7 36. g5 Rd7 37. Kg4 Nb4 38. h5 gxh5+ 39. Kxh5 Nxd3 40.
Rc4 Ne5 41. Rc5 Nc6 42. Rb5 Re7 43. Rb6 Ne5 44. Rb5 Nc6 45. Rb6 Rd7 46. Rb5 Nd4
47. Rb6 Rc7 48. Rg6+ Kf7 49. Rf6+ Kg7 50. Rg6+ Kh8 51. Rb6 Nc6 52. Rb5 Kg8 53.
Kg6 Nd4 54. Rxa5 Rc6+ 55. Kh5 Nxb3 56. Rd5 Nc5 57. a5 Kg7 58. Rd4 Ra6 59. Rd5
Rxa5 60. Re5 b6 61. Re7+ Kf8 62. Re3 Ra7 63. Kh6 Rb7 64. g6 b5 65. Ra3 Ne6 66.
Rf3+ Kg8 67. Re3 Nf8 0-1